Statistics for Země podle částečného satelitního obrazu #3

Click here to take the quiz!

General Stats

  • This quiz has been taken 74 times
  • The average score is 7 of 15

Answer Stats

Answer% Correct
Norsko
94%
Egypt
81%
Island
76%
Rusko
73%
Austrálie
65%
Irsko
60%
Čína
58%
Kanada
53%
Indie
50%
Chile
39%
Spojené státy
32%
Thajsko
27%
Haiti
21%
Nizozemsko
10%
Senegal
5%

Score Distribution

Percentile by Number Answered

Percent of People with Each Score

Your Score History

You have not taken this quiz